| 000 | 00798nam a2200241 a 4500 | ||
|---|---|---|---|
| 001 | 29401 | ||
| 003 | BD-RjUL | ||
| 005 | 20211209051417.0 | ||
| 008 | 140403s1951 n 001 0 eng d | ||
| 035 |
_aCURL 020000305935(Edi) from mbc018 _a(BD-RjUL)29486 |
||
| 040 |
_aBD-RjUL _beng _cBD-RjUL _dBD-RjUL |
||
| 041 | _aeng | ||
| 082 |
_a150 _bTHE 1951 |
||
| 245 | 0 | 0 |
_aTheoretical foundations of psychology / _cedited by Harry Helson ; in association with S. Howard Bartley ... [et al.] |
| 260 |
_aToronto : _bVan Nostrand Co, _c1951. |
||
| 300 |
_axix, 787 p : _bill |
||
| 504 | _aIncludes index. | ||
| 650 | 0 |
_aPsychology _989663 |
|
| 700 | 1 |
_aHelson, Harry, _d1898-1977. _989664 |
|
| 700 | 1 |
_aS. Howard Bartley ... [et al.] _989665 |
|
| 830 | 0 |
_aTextbooks on psychology _93791 |
|
| 942 |
_2ddc _cBK |
||
| 999 |
_c29401 _d29401 |
||